000 004900000a22001810004500
003 MACL
005 20151220130521.0
008 151220b xxu||||| |||| 00| 0 eng d
040 _aMACL
_cMACL
041 _aEnglish
082 _a658.401/JEN
100 _aJena, Biswa Ranjan
_921596
245 _aProduct Planning and Innovation in Indian Market
260 _bMohit Publications
_c2002
_aNew Delhi
350 _a495
650 _aGeneral Managment
_921540
942 _cBK
_k656.401/JEN
_2ddc
999 _c40398
_d40398